000 01673cam a22004814i 4500
003 PE-LiUPU
005 20250731173114.0
008 190312s2004 xxu rb 001 0 eng d
020 _a022606717
020 _a9780226067179
035 _a(Sirsi) a251936
040 _aPE-LiUPU
_bspa
_cPE-LiUPU
_erda
049 _aPRUA
082 0 4 _a299.21
_bB76
_221
100 1 _aBottéro, Jean,
_eautor.
245 1 0 _aReligion in ancient Mesopotamia /
_cJean Bottero.
264 1 _aChicago :
_bThe University of Chicago Press,
_c2004.
300 _ax, 246 páginas ;
_c23 centímetros.
336 _atext
_2rdacontent
337 _aunmediated
_2rdamedia
338 _avolume
_2rdacarrier
504 _aBibliografía: páginas 233-235.
504 _aÍndice: páginas 237-246.
505 0 _aReligion and religions -- Mesopotamia and its history -- The sources: what we can expect from them -- Religious sentiment -- Religious representations -- Religious behavior -- Influence and survivals.
526 _aSEG42
526 _aSEG41
526 _aSEG40
526 _aSEG39
526 _aP94
526 _aP87
526 _aP86
526 _aP85
526 _aP77
526 _aP76
526 _aP35
650 0 4 _aReligion.
_2fast
_0(OCoLC)fst01093763.
_95128
910 _aadm
_bksl
_cksl
_d20190312
942 _2ddc
_cBOOK
994 _aC0
_bPEPRU
596 _a1
999 _a299.21 B76
_wDEWEY
_c31198
_i80025
_f2021-11-11
_g3
_lCCODEBUL1
_mBUL
_p28.90
_r0
_sY
_tBOOK
_u2019-3-12
_xTEOLOGIA
_PP35
_0COMPRA
_o.STAFF. Colección Teología
_d31198
980 _81
_gALBERTO SANCHEZ Responsable de Automatización